Kríž, meče a mušľa

Bibliographic Details
Main Author: Miháliková, Dana (Author)
Format: Article
Language:Slovak
PhysicalDescription:Fotogr.
ISSN:1336-5932
Subjects:

MARC

LEADER 00000nab a2200000 a 4500
001 vtls009449964
003 SK-MaSNL
005 20260303194045.0
008 140515c2008 xo wr|p|||||||000 b|slo
015 |a SNBRB2008/11  |2 snkbucl 
040 |a SNKBUCL  |b slo  |c SNKBUCL  |e AACR2 
041 0 |a slo 
044 |a xo  |c SK 
080 |a 908  |x (460)  |2 2001 
080 |a 27-36  |2 2001 
080 |a 271/279  |2 2001 
100 1 |a Miháliková, Dana  |4 aut  |9 563355 
245 1 0 |a Kríž, meče a mušľa  |c Dana Miháliková 
300 |b Fotogr. 
600 0 7 |a Jakub,  |c sv.,  |d 1542-1572  |2 snkbucl 
650 0 7 |a kresťanské pútnické miesta  |2 snkbucl  |9 1201681 
651 7 |a Santiago de Compostela (Španielsko)  |2 snkbucl  |9 20314 
773 0 |t Týždeň  |g Roč. V, č. 47 (2008), s. 54-55  |x 1336-5932 
852 |a SNK  |b KIS3GCP 
958 |a ES 
999 |c 2155459  |d 2157389